000 00830cam a22002174a 4500
003 OSt
005 20191205145403.0
008 080204s2007 slv spa
040 _aCRU
_cBMC
_dIXA
_dDLC
082 _a972.84053
082 _a320.7284053
100 1 _aColorado, Mauricio Eduardo
_934878
245 1 3 _aLa fiscalía bajo ataque
_b: los trece meses posteriores al asesinato del Fiscal General Dr. Roberto García Alvarado el 19 de abril de 1989
_cpor Mauricio Eduardo Colorado
250 _a1ª ed
260 _aSanta Tecla, La Libertad
_bImprenta Laser Print
_c2007
300 _aX, 159 p.
_bil.
_c21 cm
651 2 4 _aEl Salvador
_xPolítica y gobierno
_y1979-1992
_99340
600 1 4 _934877
_aGarcía Alvarado, Roberto
_d1933-1989
651 2 4 _99155
_aEl Salvador
_xHistoria
_y1980-1992 (Guerra civil)
942 _2ddc
_cBK
999 _c21299
_d21299